|
|
|
|
| LEADER |
00000nam0a2200000 4500 |
| 001 |
119015 |
| 005 |
20231101215517.0 |
| 010 |
|
|
|a 5276009287
|
| 035 |
|
|
|a (RuTPU)RU\TPU\book\128790
|
| 090 |
|
|
|a 119015
|
| 100 |
|
|
|a 20070621d2006 m y0rusy50 ca
|
| 101 |
0 |
|
|a rus
|
| 102 |
|
|
|a RU
|
| 105 |
|
|
|a a j 001zy
|
| 200 |
1 |
|
|a Основы автоматизированного проектирования
|e учебное пособие
|f А. Н. Болдин, А. Н. Задиранов
|
| 210 |
|
|
|a Москва
|c МГИУ
|d 2006
|
| 215 |
|
|
|a 104 с.
|c ил.
|
| 320 |
|
|
|a Библиогр.: с. 99-100.
|
| 330 |
|
|
|a Содержит теоретические сведения о современных методах автоматизированного проектирования, принципы их оптимизации, а также задания к выполнению лабораторных работ, контрольные вопросы. Предназначено для студентов направления 651400 «Машиностроительные технологии и оборудование», специальности 150204 «Машины технология литейного производства».
|
| 606 |
1 |
|
|a Промышленные предприятия
|x Проектирование
|x Автоматизация
|2 stltpush
|3 (RuTPU)RU\TPU\subj\52650
|9 71057
|
| 610 |
1 |
|
|a автоматизированное проектирование
|
| 610 |
1 |
|
|a САПР
|
| 610 |
1 |
|
|a структура
|
| 610 |
1 |
|
|a состав
|
| 610 |
1 |
|
|a технические объекты
|
| 610 |
1 |
|
|a анализ
|
| 610 |
1 |
|
|a типовые процедуры
|
| 610 |
1 |
|
|a математическое обеспечение
|
| 610 |
1 |
|
|a проектные решения
|
| 610 |
1 |
|
|a синтез
|
| 610 |
1 |
|
|a теория
|
| 610 |
1 |
|
|a лабораторные работы
|
| 610 |
1 |
|
|a дифференцированные зачеты
|
| 610 |
1 |
|
|a учебные пособия
|
| 610 |
1 |
|
|a машиностроение
|
| 610 |
1 |
|
|a литейное производство
|
| 675 |
|
|
|a 658.512.2.011.56(075.8)
|v 3
|
| 700 |
|
1 |
|a Болдин
|b А. Н.
|g Александр Николаевич
|
| 701 |
|
1 |
|a Задиранов
|b А. Н.
|g Александр Никитич
|
| 801 |
|
1 |
|a RU
|b 63413507
|c 20070621
|g PSBO
|
| 801 |
|
2 |
|a RU
|b 63413507
|c 20150421
|g PSBO
|
| 900 |
|
|
|a Системы автоматизированного проектирования
|
| 900 |
|
|
|a САПР
|
| 900 |
|
|
|a Системы автоматизированного проектирования технологий и конструкций
|
| 900 |
|
|
|a Системы автоматизированного проектирования технологических процессов
|
| 942 |
|
|
|c BK
|
| 951 |
|
|
|b 150200
|b 150204
|
| 959 |
|
|
|a 47/20070604
|d 5
|e 131,04
|f ЧЗТЛ:2
|f АНЛ:1
|f УФ:1
|